| 000 | 00489 a2200145 4500 | ||
|---|---|---|---|
| 001 | 61530 | ||
| 082 | _a004.16521BRE | ||
| 090 |
_c37077 _d37077 |
||
| 100 | _aBrey, Barry B | ||
| 245 |
_aIntel Microprocessors 8086/8088,80186/80188,80286,80386,80486, Pentium and Pentium Processor: Architecture, Programming and Interfacing, 3rd Ed _cBarry B Brey _nv 42 |
||
| 250 | _a3 | ||
| 260 |
_aNew Delhi _bPrentice Hall _c2007 |
||
| 300 |
_a813 p. _bphotocopy |
||
| 500 | _aBE textbook Avionics | ||
| 942 |
_aNUST-CAE _k004.16521BRE |
||
| 999 |
_c296603 _d296603 |
||